000 01972nam0a2200421 4500
001 RU\NLR\BIBL_A\012527163
005 20210721175907.0
010 _a978-5-6044838-5-5
_950 экз.
021 _aRU
_bКН-П-20-090319
_9КН-П-20-6851
035 _a(NLR Aleph) 012527163
035 _a(RuMoRGB)010543742
090 _a12348985
_c12348985
100 _a20210525d2020 u y0rusy50 ca
101 0 _aeng
_arus
102 _aRU
105 _aa z 100zy
181 0 _ai
_baxxe
182 0 _an
200 1 _aCaritive constructions in the languages of the world
_eabstracts of the international conference, Saint Petersburg / online, 30 November - 2 December 2020
_fRussian academy of sciences, Institute for linguistic studies
_g[compiled by: M. Fedotov et al.]
203 _aТекст
_bвизуальный
_cнепосредственный
210 _aSaint Petersburg
_cИнститут лингвистических исследований Российской академии наук
_d2020
215 _a105 с.
_cил.
_d21
300 _aТекст англ. и рус. яз.
320 _aБиблиогр. в конце ст.
541 1 _aКаритивные конструкции в языках мира.
606 1 _aКатегория лишительности
_jСъезды, совещания и т.п
_2nlr_sh2
_3RU\NLR\AUTH\6601689295
610 0 _aкаритивные конструкции в языках мира
686 1 _aШ102я431
686 1 _aШ103.2я431
702 1 _aFedotov
_bM. L.
_f1991-
_gMaksim Leonidovič
_4220
711 1 2 _a"Caritive constructions in the languages of the world", international conference
_f2020
_eSaint-Petersburg
_3RU\NLR\AUTH\880544885
712 0 2 _aInstitute for linguistic studies
_cSaint-Petersburg
_3RU\NLR\AUTH\880544895
_4570
942 _cBOOK
980 _aNBR
980 _aNB